01167nam a2200193Ia 4500001001000000003001000010008004100020040002500061041001300086100001200099245006500111250001100176260009000187300002800277500026200305501011400567520026200681650003000943L220-4118IT-CnALBA170116s9999||||xx |||||||||||||| ||und|| aIT-CnALBAcIT-CnALBA aITALIANO aAA. VV. 0aLA SACRA BIBBIA. VECCHIO TESTAMENTO. VOL. I. LIBRI STORICI.  a1a ed. aMILANObSELEZIONE DAL READER'S DIGEST c1968 [1° Ed.:1968 - Ed.Ling.Originale: 1968] a611 p. (prefazione: 17) aTRADUZIONE DAI TESTI ORIGINALI. BIBBIA VECCHIO TESTAMENTO. CURATORI GALBIATI ENRICO, ANGELO PENNA, PIERO ROSSANO. PENTATEUCO. GIOSUÈ GIUDICI RUT. SAMUELE ESDRA NEEMIA. TOBIA GIUDITTA ESTER. MACCABEI RE CRONACHE. INTRODUZIONI NOTE INDICI ANALITICI DELLA BI aSocietà San Paolo EM - Piazza San Paolo, 14 - 12051 ALBA (CN) (non commercial uses only) ® Copyright 2017 aTRADUZIONE DAI TESTI ORIGINALI. BIBBIA VECCHIO TESTAMENTO. CURATORI GALBIATI ENRICO, ANGELO PENNA, PIERO ROSSANO. PENTATEUCO. GIOSUÈ GIUDICI RUT. SAMUELE ESDRA NEEMIA. TOBIA GIUDITTA ESTER. MACCABEI RE CRONACHE. INTRODUZIONI NOTE INDICI ANALITICI DELLA BI aBIBBIA - TESTI E COMMENTI